000 00387nam a22001457a 4500
003 CEME
005 20210628204153.0
008 210218b xxu||||| |||| 00| 0 eng d
040 _c.
082 _a351.1 SEC'R
245 _aSecretariat instructions applicable to the federal civil servants in pakistan
260 _aLAHORE
_bSERVICE SOCIETY
_c1996
300 _a151P
942 _cBK
_2ddc
999 _c576495
_d576495